000 00963nam a22001817a 4500
003 OSt
005 20251124165841.0
008 251124b |||||||| |||| 00| 0 eng d
040 _cDCL
082 _a၂၉၄.၃၈၂၃၃၂၁
130 _aတိပိဋက။
_pသုတ္တန္တပိဋက။
_pသံယုတ္တနိကာယ။
_tသံယုတ္တ၊
_lအဋ္ဌကထာ။
245 _aသံယုတ္တဋ္ဌကထာ၊
_nတတိယတွဲ၊
_bသဠာယတနဝဂ္ဂသံယုတ္တဋ္ဌကထာ။
250 _aဒုတိယအကြိမ်။
264 _aရန်ကုန် ၊
_bဣစ္ဆာသယပိဋကတ်ပုံနှိပ်တိုက်၊
_c၂၀၀၄။
300 _aန၊ ၃၉၉ စာမျက်နှာ ၊
_c၂၅ စင်တီ။
650 _aသံယုတ္တ
_vအဋ္ဌကထာ။
942 _2ddc
_cSHORT TERM
_n0
999 _c2614
_d2614